000 00876nam a2200289Ia 4500
001 D1060
003 IT-RoPAU
008 130308s9999 xx 000 0 und d
040 _aIT-RoPAU
040 _cIT-RoPAU
041 _aITALIANO
100 _aLodi Enzo
100 _gCodice Aut. SPICS: 22255
245 _aOmelia parte della celebrazione (L')
245 _bRivista di Pastorale Liturgica-188-Gennaio/Febbraio 1995/1
250 _a1a ed.
260 _aBRESCIA
260 _bQueriniana
260 _c1995 [1° Ed.:1995 - Ed.Ling.Originale:1995]
300 _a"5 p. (prefazione: no ; testo: 5 [pagine: 33-37])"
500 _aDocumenti Conciliari e Postconciliari. Natura Liturgica dell'Omelia. Omelia nel Dinamismo della Celebrazione.
650 _aTEORIA PASTORALE
650 _eCodice materia Spics: 9301
942 _cBK
957 _71
999 _c87017
_d87017
999 _g1